Normal view
MARC view
- Hayes, Louis D
Entry Personal Name
001 - CONTROL NUMBER
- control field: 38259
003 - CONTROL NUMBER IDENTIFIER
- control field: NUST
005 - DATE AND TIME OF LATEST TRANSACTION
- control field: 20210314130638.0
008 - FIXED-LENGTH DATA ELEMENTS
- fixed length control field: 210314|| aca||aabn | a|a d
040 ## - CATALOGING SOURCE
- Original cataloging agency: NUST
- Transcribing agency: NUST
100 ## - HEADING--PERSONAL NAME
- Personal name: Hayes, Louis D
670 ## - SOURCE DATA FOUND
- Source citation: Work cat.: (NUST): Hayes, Louis D, The crisis of education in Pakistan, 1987
